अमृत सन्तान (Record no. 1017012)

MARC details
000 -LEADER
fixed length control field 01159nam a2200289Ia 4500
003 - CONTROL NUMBER IDENTIFIER
control field OSt
005 - DATE AND TIME OF LATEST TRANSACTION
control field 20221005105826.0
008 - FIXED-LENGTH DATA ELEMENTS--GENERAL INFORMATION
fixed length control field ORI
020 ## - INTERNATIONAL STANDARD BOOK NUMBER
International Standard Book Number 8126021535 (hbk)
037 ## - SOURCE OF ACQUISITION
Terms of availability Textual
040 ## - CATALOGING SOURCE
Original cataloging agency CRL
Transcribing agency CRL
Language of cataloging ORI
041 ## - LANGUAGE CODE
Source of code ORI
Language code of text/sound track or separate title ORI
100 ## - MAIN ENTRY--PERSONAL NAME
Personal name महांती, गोपी नाथ
245 #0 - TITLE STATEMENT
Title अमृत सन्तान
246 ## - VARYING FORM OF TITLE
Title proper/short title Amṛut santāna
260 ## - PUBLICATION, DISTRIBUTION, ETC.
Place of publication, distribution, etc. नई दिल्ली
Name of publisher, distributor, etc. साहित्य अकादमी भारत
Date of publication, distribution, etc. 2007
300 ## - PHYSICAL DESCRIPTION
Extent 814पृ0
Dimensions cm.
490 ## - SERIES STATEMENT
Series statement साहित्य अकादमी द्वारा पुरस्कृत ओड़िसा उपन्यास
650 ## - SUBJECT ADDED ENTRY--TOPICAL TERM
Topical term or geographic name entry element उड़िया साहित्य
700 ## - ADDED ENTRY--PERSONAL NAME
Personal name नवलपुरी, युगजीत, अनु.
942 ## - ADDED ENTRY ELEMENTS (KOHA)
Classification part O1591,3N14,AS, 152P7
Koha item type Textual
Source of classification or shelving scheme
Holdings
Withdrawn status Lost status Damaged status Not for loan Home library Current library Date acquired Source of acquisition Cost, normal purchase price Total Checkouts Full call number Barcode Date last seen Cost, replacement price Price effective from Koha item type
        Central Library Central Library 2022-10-05 526, 19/03/2009, Vani Prakashan 1250.00   O1591,3N14,AS 152P7 CL1386761 2022-10-05 1250.00 2022-10-05 Textual
Copyright @ Delhi University Library System